00662nam a2200181 a 450000100100000000500170001000800410002704000250006808200220009310000320011524500660014726000520021330000210026565000290028665000310031595201190034699900150046500000518020220908124143.0090805s1948 ag 000 0 spa d aDO-SdBNPbspacBNPHU aARD861.42mbM516c aMejía, Francisco R91483210aCuadros bucóliticos y otros poemas /cFrancisco R. Mejía. aBuenos Aires, Argentina :bPedro Goyena,c1948. a149 p. ;c20 cm. 4aPoesía argentina93859 4aLiteratura argentina93860 001050718MOaGRbGRcCTd2009-08-05iLF1l0oARD861.42m M516cp5180-10r2020-06-25w2020-06-25y1ZNo se presta c4983d4983